Principles of forest yield study (Record no. 24616)

MARC details
000 -LEADER
fixed length control field 00329nam a2200133Ia 4500
082 ## - DEWEY DECIMAL CLASSIFICATION NUMBER
Classification number 630
Item number ASS
100 ## - MAIN ENTRY--AUTHOR NAME
Personal name ASSMANN, Ernst
245 #0 - TITLE STATEMENT
Title Principles of forest yield study
260 ## - PUBLICATION, DISTRIBUTION, ETC. (IMPRINT)
Place of publication Oxford
Name of publisher Pergamon
Year of publication 1970
650 ## - SUBJECT ADDED ENTRY--TOPICAL TERM
Topical Term Forest yield
650 ## - SUBJECT ADDED ENTRY--TOPICAL TERM
Topical Term Silviculture
942 ## - ADDED ENTRY ELEMENTS (KOHA)
Koha item type Books
Holdings
Withdrawn status Lost status Damaged status Not for loan Home library Current library Date acquired Full call number Accession Number Koha item type
        RRII Library RRII Library 16/12/2021 630 ASS 05293 Books